[Event "22nd Hogeschool Zeeland 2018"]
[Site "Vlissingen"]
[Date "2018.08.11"]
[Round "9"]
[White "Iturrizaga Bonelli, Eduardo"]
[Black "Romanishin, Oleg M"]
[Result "1-0"]
[WhiteElo "2640"]
[BlackElo "2441"]
[Annotator "TA"]
[PlyCount "123"]
[EventDate "2018.08.04"]
[EventType "swiss"]
[EventCountry "NED"]
[SourceTitle "playchess.com"]
[Source "ChessBase"]
[SourceQuality "1"]

{[%evp 14,123,67,64,68,47,73,62,79,85,77,73,77,67,80,80,64,60,104,82,131,123,122,134,152,133,215,205,252,251,319,320,311,320,296,226,525,464,525,526,568,578,580,578,552,568,570,572,569,558,539,556,564,382,442,433,519,422,395,336,342,306,317,317,294,263,312,311,293,308,289,271,315,314,279,258,286,242,406,410,403,258,258,245,328,192,214,0,302,0,194,166,250,258,252,248,283,255,236,187,230,209,341,340,530,539,885,861,1033,1000,1435,737]} 1. Nf3 Nf6 2. c4 d6 3. d4 g6 4. Nc3 Bf5 5. Qb3 Qc8 6. h3 {E61: King's Indian: Early deviations for White, including Smyslov System} (6. Nh4 Bd7 7. e4 Nc6 8. Nf3 e5 9. d5 Nd4 10. Qd1 Bg4 11. Be3 Bxf3 12. gxf3 Bg7 13. f4 {½-½ (47) Wang,H (2734)-Svidler,P (2759) Almaty 2016}) 6... Bg7 7. g4 Bd7 8. e4 {LiveBook: 21 Games. White is slightly better.} e5 9. d5 O-O 10. Be3 c6 $146 ({Predecessor:} 10... a5 11. Nd2 Na6 12. Be2 h6 13. a3 {1-0 (33) Farago,I (2420)-Gruzmann,B (2236) Arco 2010}) 11. Nd2 Na6 12. Qa3 c5 13. Be2 Nc7 14. b4 b6 15. bxc5 dxc5 16. f4 {[%cal Bf2f4,Bf4f5][%mdl 32]} Nfe8 17. f5 Nd6 18. h4 Re8 19. h5 Qd8 (19... gxf5 $16 {was called for.} 20. gxf5 Bf6) 20. hxg6 $18 fxg6 21. Qc1 Nf7 22. Nf3 Rf8 23. Qd2 Ne8 24. Bd3 Ned6 $2 (24... Nf6 25. Qg2 Nd6) 25. Qh2 {[%csl Gh1][%cal Rh2h7] [#]} h6 26. fxg6 Nh8 27. Bxh6 Qf6 28. Bxg7 Qxg7 29. Qh7+ Qxh7 30. gxh7+ Kg7 31. Nxe5 Be8 32. Ke2 Bg6 33. Raf1 Rxf1 34. Rxf1 Re8 35. Nc6 Nhf7 36. Kd2 Bxh7 37. Nxa7 Ne5 38. Nab5 Ndxc4+ 39. Bxc4 Nxc4+ 40. Kd3 Ne5+ 41. Kc2 Nc4 {[#] Threatens to win with ...Ne3+.} 42. Rf4 Re7 43. Kd3 Ne5+ 44. Ke3 Nc4+ 45. Kf2 Bg6 $2 (45... Kg6 46. Kg2 Kg5) 46. Kg3 Be8 47. a4 Bd7 48. Nc7 Bc8 49. N3b5 (49. e5 $142 Nxe5 50. d6) 49... Bd7 50. Nc3 (50. e5 $142 Nxe5 51. d6) 50... Bc8 $1 51. N7b5 Bd7 52. Rf2 Re5 (52... Kg8 $142 53. Rh2 Rg7) 53. Nc7 Re7 54. Rh2 Nd6 55. Re2 Nc4 56. N7b5 Re8 57. Rh2 Re7 (57... Rg8 $142 58. Rh5 Kf8) 58. Rh5 Rf7 (58... Re8 $142 59. Nc7 Re7 60. Rg5+ Kh6) 59. e5 {[%cal Be4e5,Be5e6][%mdl 32] White is clearly winning.} Rf1 60. e6 Bxb5 61. Nxb5 Rg1+ 62. Kf3 {Precision: White = 83%, Black = 42%.} 1-0

[Event "22nd Hogeschool Zeeland 2018"]
[Site "Vlissingen"]
[Date "2018.08.11"]
[Round "9"]
[White "Chanda, Sandipan"]
[Black "Grooten, Herman"]
[Result "1-0"]
[WhiteElo "2554"]
[BlackElo "2374"]
[Annotator "TA"]
[PlyCount "81"]
[EventDate "2018.08.04"]
[EventType "swiss"]
[EventCountry "NED"]
[SourceTitle "playchess.com"]
[Source "ChessBase"]
[SourceQuality "1"]

{[%evp 18,81,41,45,100,91,97,89,131,140,136,140,141,131,137,131,144,150,171,160,277,274,367,379,368,377,353,332,377,373,368,354,359,310,416,305,306,289,293,260,265,270,447,447,425,416,552,550,550,543,543,543,522,479,634,634,634,634,628,628,621,618,598,589,838,816]} 1. d4 Nf6 2. c4 e6 3. Nc3 Bb4 4. e3 c5 5. Nge2 d6 6. a3 Ba5 7. g3 {E42: Nimzoindisch (Rubinstein-System)} (7. Ng3 O-O 8. Be2 d5 9. dxc5 Bxc3+ 10. bxc3 dxc4 11. Qxd8 Rxd8 12. e4 Nbd7 13. Be3 Ne5 14. Bd4 Nd3+ 15. Bxd3 cxd3 16. Bxf6 gxf6 {½-½ (35) Jumabayev,R (2614)-Pavlov,S (2485) Moscow 2018}) 7... Bd7 8. Bg2 Bc6 9. d5 exd5 10. cxd5 {LiveBook: 3 Partien} Bb5 (10... Bd7 $14) 11. b4 $146 ({Vorgänger:} 11. O-O Bxe2 12. Nxe2 O-O 13. h3 Nbd7 14. g4 c4 {½-½ (74) Rojicek,V (2435)-Nyysti,S (2328) Finland 2014}) 11... Bxe2 12. Qxe2 cxb4 13. axb4 Bb6 14. Na4 Bc7 15. Qb5+ Nbd7 16. Qxb7 O-O 17. O-O Rb8 18. Qxa7 Ra8 (18... Rxb4 $16 {ist wohl besser.} 19. Ba3 Rb5) 19. Qd4 $18 Nb6 20. Nxb6 Rxa1 21. Qxa1 Bxb6 22. Bb2 Re8 23. h3 Qe7 24. Rc1 h5 25. Bd4 Rb8 26. Rc6 Bxd4 27. Qxd4 Qe5 28. Qxe5 dxe5 {[%mdl 4096] Endspiel KTL-KTS} 29. d6 Rxb4 $2 (29... Kh7 30. Rc1 Kg6) 30. Rc8+ Kh7 31. Bc6 Rb1+ 32. Kg2 {Weiß steht klar auf Gewinn.} Rd1 {[#]} 33. d7 $1 {[%mdl 512]} Nxd7 34. Rd8 Rd6 35. Ba4 ({Nicht} 35. Bxd7 g6 $18) ({Weniger gut wäre} 35. Rxd7 Rxc6 36. Rxf7 Kg6 $16) 35... f5 36. Rxd7 Ra6 37. Bc2 e4 38. Rd5 g6 {[#]} 39. g4 $1 hxg4 (39... fxg4 40. hxg4) 40. hxg4 Ra2 41. Rc5 {Precision: Weiß = 91%, Schwarz = 36%.} 1-0

[Event "22nd Hogeschool Zeeland 2018"]
[Site "Vlissingen"]
[Date "2018.08.11"]
[Round "9"]
[White "Ikonnikov, Vyacheslav"]
[Black "Mareco, Sandro"]
[Result "1/2-1/2"]
[WhiteElo "2546"]
[BlackElo "2643"]
[Annotator "TA"]
[PlyCount "39"]
[EventDate "2018.08.04"]
[EventType "swiss"]
[EventCountry "NED"]
[SourceTitle "playchess.com"]
[Source "ChessBase"]
[SourceQuality "1"]

{[%evp 19,20,10,18]} 1. d4 Nf6 2. Nf3 e6 3. c4 d5 4. Nc3 dxc4 5. e3 a6 6. a4 c5 7. Bxc4 Nc6 8. O-O Be7 9. dxc5 Qxd1 10. Rxd1 Bxc5 {LiveBook: 104 Games} {Predecessor:} 11. Bd2 $146 Bd7 12. Bd3 O-O 13. Ne4 Be7 14. Rac1 Rfd8 15. Nc5 Be8 16. Be2 Rd5 17. Nb3 Rad8 18. Be1 Rxd1 19. Rxd1 Rxd1 20. Bxd1 {½-½ (37) Anand,V (2817)-Kramnik,V (2785) Monte Carlo 2011} 1/2-1/2

[Event "22nd Hogeschool Zeeland 2018"]
[Site "Vlissingen"]
[Date "2018.08.11"]
[Round "9"]
[White "Hausrath, Daniel"]
[Black "Zeng, Chongsheng"]
[Result "1/2-1/2"]
[WhiteElo "2502"]
[BlackElo "2539"]
[Annotator "TA"]
[PlyCount "88"]
[EventDate "2018.08.04"]
[EventType "swiss"]
[EventCountry "NED"]
[SourceTitle "playchess.com"]
[Source "ChessBase"]
[SourceQuality "1"]

{[%evp 14,88,31,23,48,42,51,29,47,46,54,52,70,60,73,85,76,79,81,69,61,73,93,60,170,174,175,170,170,178,180,101,93,102,117,107,112,93,94,93,100,100,147,72,98,105,130,122,130,96,85,37,66,66,69,68,283,247,204,29,535,20,32,0,18,0,0,0,0,0,0,0,0,0,0,0,0]} 1. Nf3 Nf6 2. g3 g6 3. b3 d6 4. d4 Bg7 5. Bb2 O-O 6. Bg2 c6 7. O-O a5 8. c4 {LiveBook: 46 Games} d5 {A49: 1 d4 Nf6 2 Nf3 g6 3 g3: Anti-King's Indian systems} (8... Bf5 9. Nc3 Ne4 10. e3 Nxc3 11. Bxc3 Be4 12. Qe2 e6 13. Bh3 Bxf3 14. Qxf3 d5 15. Qe2 Nd7 16. Rfd1 {1-0 (36) Sargissian,G (2672)-Rakhmanov,A (2653) Riadh 2017}) 9. cxd5 Nxd5 $146 ({Predecessor:} 9... cxd5 10. Nc3 Nc6 11. Ne5 e6 12. Nxc6 bxc6 13. Na4 Nd7 14. Rc1 Bb7 15. Qd2 Re8 16. Rfd1 {1-0 (58) Hausrath,D (2494)-Kummerow,H (2308) Herne 2007}) 10. Nc3 Nb6 {White has an edge.} 11. Rc1 Bf5 12. h3 Na6 13. e4 Be6 14. Qe2 a4 15. Nxa4 Nxa4 16. bxa4 Bh6 17. Ra1 Qd6 18. Rfd1 Rfd8 (18... Nc7 $14) 19. d5 $1 $18 cxd5 20. exd5 Bxd5 {[#]} 21. Ng5 $1 {[%mdl 512]} Nb4 {[#]} (21... Bxg5 22. Rxd5) 22. a3 ({White should try} 22. h4 $1 $18) 22... Bxg5 $16 23. axb4 e6 24. Qg4 Be7 25. Bxd5 ({Resist} 25. Qd4 f6 $14) 25... exd5 26. Qd4 {[%csl Gb2][%cal Rd4h8]} f6 27. b5 $40 {[%mdl 128] Black is in trouble.} Kf7 28. Qe3 (28. Re1 $142) 28... Qd7 29. h4 Rac8 30. Bd4 Rc4 31. Qf3 Ra8 32. Bb2 Raxa4 33. Rxa4 Rxa4 34. Rxd5 Qe6 $2 ({Better is} 34... Qg4 $14 35. Qxg4 Rxg4) 35. Re5 $1 $18 {[%cal Re5e6]} Qc4 {[#]} 36. h5 $2 ({Don't take} 36. Rxe7+ $6 Kxe7 37. Qxf6+ (37. Qxb7+ Ke6 $16) 37... Kd7 $16) (36. b6 $1 $18) 36... Ra2 $2 {[%mdl 8192]} (36... Ra5 $1 $11) 37. Bc3 $2 (37. Re4 $18 Qxe4 38. Qxe4 Rxb2 39. Qxb7) 37... Rc2 $1 $11 {[%cal Rc2c3]} 38. hxg6+ hxg6 {The position is equal.} 39. Rxe7+ Kxe7 40. Qxf6+ $14 {KQR-KQB} Kd7 41. Qg7+ Kc8 42. Qf8+ $1 Kd7 43. Qg7+ Kc8 44. Qf8+ Kd7 {Precision: White = 66%, Black = 32%.} 1/2-1/2

[Event "22nd Hogeschool Zeeland 2018"]
[Site "Vlissingen"]
[Date "2018.08.11"]
[Round "9"]
[White "Wan, Yunguo"]
[Black "Haast, Mark"]
[Result "1-0"]
[WhiteElo "2501"]
[BlackElo "2350"]
[Annotator "TA"]
[PlyCount "88"]
[EventDate "2018.08.04"]
[EventType "swiss"]
[EventCountry "NED"]
[SourceTitle "playchess.com"]
[Source "ChessBase"]
[SourceQuality "1"]

{[%evp 30,88,-21,-5,0,0,0,-5,13,16,15,0,20,23,43,8,37,31,34,23,45,43,74,77,95,95,104,94,96,94,108,112,104,92,84,95,80,49,70,48,311,66,178,66,56,64,196,155,151,155,627,616,623,609,583,557,627,615,574,547,530]} 1. e4 c5 2. Nf3 d6 3. d4 cxd4 4. Nxd4 Nf6 5. Nc3 Nc6 6. Be2 e5 7. Nf3 h6 8. O-O Be7 9. Re1 O-O 10. h3 Be6 11. Bf1 Qa5 12. Bd2 Qd8 13. Na4 {B58: Classical Sicilian: 6 Be2} Nh7 14. c4 Ng5 15. Bxg5 hxg5 16. Nc3 {LiveBook: 3 Games} g4 17. hxg4 Bxg4 18. Be2 Qd7 19. Nd5 Bd8 20. b4 Be6 21. Qd2 $146 Ne7 22. Rad1 Nxd5 (22... a5 {looks sharper.} 23. a3 Nxd5 24. exd5 Bf5 25. c5 axb4 26. axb4 Bc7) 23. exd5 Bg4 24. c5 Bxf3 25. Bxf3 Rc8 26. Qe3 $36 {[%mdl 2048] Keeping Black busy.} dxc5 27. bxc5 {Threatens to win with c6.} Ba5 28. Re2 {Black must now prevent d6.} b6 29. Qxe5 bxc5 30. d6 Rfe8 31. Qd5 Rxe2 32. Bxe2 Qe6 33. Qb7 Rd8 34. Bf3 Rd7 $2 {[%mdl 8192] [#]} (34... c4 $14) 35. Qb8+ $2 (35. Qb5 $1 $18) 35... Kh7 ({Better is} 35... Rd8 $14 36. Qxa7 Bd2) 36. Bc6 (36. Qb5 $18 Bb6 37. Bd5 Rxd6 38. Bxe6 Rxd1+ 39. Kh2 fxe6 40. Qc4) 36... Rd8 $14 37. Qxa7 Rxd6 ({Black should try} 37... Bd2 $1 $14) 38. Rxd6 $18 Qxd6 39. Be4+ Kh6 $2 {[#]} (39... g6 $16) 40. Qxa5 {White is clearly winning.} Qd1+ 41. Kh2 Qh5+ 42. Kg3 Qg5+ 43. Kf3 f5 44. Bd3 Qg4+ {Precision: White = 59%, Black = 30%.} 1-0

[Event "22nd Hogeschool Zeeland 2018"]
[Site "Vlissingen"]
[Date "2018.08.11"]
[Round "9"]
[White "Henrichs, Thomas"]
[Black "Kalisvaart, Peter"]
[Result "1-0"]
[WhiteElo "2486"]
[BlackElo "2090"]
[Annotator "TA"]
[PlyCount "53"]
[EventDate "2018.08.04"]
[EventType "swiss"]
[EventCountry "NED"]
[SourceTitle "playchess.com"]
[Source "ChessBase"]
[SourceQuality "1"]

{[%evp 14,53,61,60,66,57,187,147,325,318,322,325,311,310,280,291,296,300,462,461,458,373,384,398,388,387,361,333,470,473,488,466,841,825,1015,933,1408,1325,29986,29987,29987,29988]} 1. d4 d5 2. c4 Nc6 3. Nf3 Bg4 4. Nc3 Nf6 5. cxd5 Bxf3 6. gxf3 Nxd5 7. e4 Nxc3 {D07: Queen's Gambit: Chigorin Defence} 8. bxc3 {LiveBook: 19 Games} e6 (8... e5 9. Rb1 Bd6 10. Rxb7 O-O 11. Qa4 Ne7 12. f4 exf4 13. Rxa7 Rxa7 14. Qxa7 Qd7 15. Qb7 {0-1 (55) Cao,S (2526)-Le,Q (2698) Ho Chi Minh City 2012}) 9. Rb1 {[%cal Ba1b1,Bb1b7,Bb7e7][%mdl 32] And now Qa4 would win.} Be7 $146 (9... Na5 $1 $14) ({Predecessor:} 9... Bd6 10. Rxb7 O-O 11. Qa4 Nb8 12. Rg1 g6 13. Bh6 Re8 14. Rxa7 Rxa7 15. Qxa7 Bxh2 {½-½ (58) Bublei,P (2387)-Triapishko,O (2500) Sochi 2017}) 10. Rxb7 Na5 $2 (10... Qc8 $16 11. Rb3 O-O) 11. Qa4+ $1 $18 c6 {[#]} 12. Rxe7+ $1 Kxe7 13. Ba3+ Kd7 14. d5 exd5 {[#]} 15. Bh3+ $1 Kc7 (15... Ke8 {might work better.} 16. Bb4 dxe4 17. Bxa5 Qf6 18. fxe4 Kf8) 16. Qxa5+ Kb7 17. Qb4+ Qb6 18. Qe7+ Qc7 19. Qxc7+ Kxc7 20. e5 Kb6 (20... Rhb8 {was worth a try.}) 21. Bd6 c5 22. f4 d4 (22... Rhd8 $142 23. Bg2 Kc6) 23. Kd2 dxc3+ 24. Kxc3 Rad8 25. Rb1+ Kc6 26. Bg2+ Kd7 27. Bd5 {Precision: White = 92%, Black =  9%.} 1-0

[Event "22nd Hogeschool Zeeland 2018"]
[Site "Vlissingen"]
[Date "2018.08.11"]
[Round "9"]
[White "Beerdsen, Thomas"]
[Black "Maatman, Nick"]
[Result "1-0"]
[WhiteElo "2469"]
[BlackElo "2345"]
[Annotator "ChessBase"]
[PlyCount "61"]
[EventDate "2018.08.04"]
[EventType "swiss"]
[EventCountry "NED"]
[SourceTitle "playchess.com"]
[Source "ChessBase"]
[SourceQuality "1"]
[TimeControl "40/5400+30:1800+30"]

1. e4 {[%emt 0:02:16]} e6 {[%emt 0:00:00]} 2. d4 {[%emt 0:00:30]} d5 {[%emt 0:00:04]} 3. Nd2 {[%emt 0:00:06]} Nf6 {[%emt 0:00:07]} 4. e5 {[%emt 0:00:36]} Nfd7 {[%emt 0:00:02]} 5. Bd3 {[%emt 0:00:08]} c5 {[%emt 0:00:04]} 6. c3 {[%emt 0:00:04]} Nc6 {[%emt 0:00:06]} 7. Ne2 {[%emt 0:00:05]} cxd4 {[%emt 0:00:18]} 8. cxd4 {[%emt 0:00:08]} f6 {[%emt 0:00:06]} 9. exf6 {[%emt 0:00:03]} Nxf6 {[%emt 0:00:10]} 10. Nf3 {[%emt 0:00:05]} Bd6 {[%emt 0:01:31]} 11. O-O {[%emt 0:00:07]} Qc7 {[%emt 0:04:17]} 12. Bd2 {[%emt 0:00:52]} O-O {[%emt 0:00:27]} 13. Rc1 {[%emt 0:00:17]} a6 {[%emt 0:08:12]} 14. Re1 {[%emt 0:05:37]} Bd7 {[%emt 0:10:19]} 15. Nc3 {[%emt 0:01:26]} Rae8 {[%emt 0:16:16]} 16. Na4 {[%emt 0:00:10]} Qd8 {[%emt 0:08:50]} 17. Nc5 {[%emt 0:14:37]} Bc8 {[%emt 0:00:36]} 18. Bg5 {[%emt 0:09:20]} e5 {[%emt 0:09:11]} 19. Bxf6 {[%emt 0:15:03]} Qxf6 {[%emt 0:06:27]} 20. Qb3 {[%emt 0:00:13]} Qf7 {[%emt 0:10:24]} 21. Ng5 {[%emt 0:05:01]} Qxf2+ {[%emt 0:01:20]} 22. Kh1 {[%emt 0:01:15]} Qxd4 {[%emt 0:03:40]} 23. Nxb7 {[%emt 0:05:21]} Bxb7 {[%emt 0:07:09]} 24. Bxh7+ {[%emt 0:01:38]} Kh8 {[%emt 0:00:01]} 25. Qh3 {[%emt 0:00:09]} Rf4 {[%emt 0:03:33]} 26. Be4+ {[%emt 0:00:10]} Kg8 {[%emt 0:00:33]} 27. Qh7+ {[%emt 0:00:05]} Kf8 {[%emt 0:00:01]} 28. Qh8+ {[%emt 0:00:06]} Ke7 {[%emt 0:00:03]} 29. Qxg7+ {[%emt 0:00:05]} Kd8 {[%emt 0:00:09]} 30. Qxb7 {[%emt 0:00:04]} Qb4 {[%emt 0:02:19]} 31. Qxc6 {[%emt 0:00:19]} 1-0

[Event "22nd Hogeschool Zeeland 2018"]
[Site "Vlissingen"]
[Date "2018.08.11"]
[Round "9"]
[White "Vrolijk, Liam"]
[Black "Grochal, Joey"]
[Result "1-0"]
[WhiteElo "2430"]
[BlackElo "2300"]
[Annotator "TA"]
[PlyCount "96"]
[EventDate "2018.08.04"]
[EventType "swiss"]
[EventCountry "NED"]
[SourceTitle "playchess.com"]
[Source "ChessBase"]
[SourceQuality "1"]

{[%evp 18,96,58,49,115,86,86,79,106,99,106,116,110,110,133,112,125,120,128,123,119,117,132,135,131,114,116,132,130,114,170,166,208,195,197,169,221,221,315,317,396,371,508,505,537,482,727,725,724,-34,679,709,688,319,1404,1351,12825,12819,12833,12835,12835,0,0,0,12835,12835,12835,12836,12831,5497,12828,12817,12840,12840,12841,12841,12841,12842,12842,12843,12845]} 1. Nf3 Nf6 2. c4 e6 3. g3 b6 4. Bg2 Bb7 5. O-O Be7 6. Nc3 O-O 7. Re1 d6 8. e4 e5 9. d4 Nbd7 10. b3 {LiveBook: 9 Games. E18: Queen's Indian: Old Main Line (4 g3 Bb7 5 Bg2 Be7 6 0-0 0-0 7 Nc3)} Ne8 (10... c6 $14) (10... Re8 11. Bb2 Bf8 12. Nd5 c6 13. Nxf6+ Qxf6 14. dxe5 Nxe5 15. Nd4 c5 16. Nb5 Nf3+ 17. Bxf3 Qxb2 18. Nc7 g6 19. e5 Bxf3 20. Qxf3 Rac8 21. Nxe8 Rxe8 22. exd6 Rxe1+ 23. Rxe1 Bxd6 24. Qd5 {1-0 (24) Gajewski,G (2648)-Jonsson,B (2353) Reykjavik 2015}) 11. Bb2 c6 $146 ({Predecessor:} 11... Bf6 12. Nd5 Bxd5 13. exd5 exd4 14. Nxd4 Bxd4 15. Qxd4 Nef6 16. g4 h6 17. h4 Ne5 {1-0 (30) Siebrecht,S (2468)-Perhinig,R (2253) Austria 2012}) 12. Qd2 {White is better.} Qc7 13. Ba3 Rd8 14. dxe5 Nxe5 15. Nd4 Bf6 16. Rad1 c5 17. Nf5 g6 18. Ne3 Bg7 19. Bb2 Qb8 20. f4 Nc6 21. Nb5 a6 22. Bxg7 Nxg7 23. Nc3 ({But not} 23. Nxd6 $6 Ne8 $14) 23... Nd4 (23... f6 $16 {keeps fighting.} 24. Ned5 Nd4 25. Nxb6 Nge6) 24. f5 $18 f6 25. fxg6 hxg6 26. Rf1 {[#] Ned5 is the strong threat.} Rde8 (26... Rd7 $142 27. Ned5 Ne8 28. Nxb6 Rh7) 27. Ned5 Bxd5 (27... f5 {was called for.} 28. Qh6 Qd8) 28. Nxd5 Qd8 29. Qh6 f5 30. Nf4 fxe4 31. Nxg6 {[%csl Gg6][%cal Rh6h8]} Rxf1+ (31... Rf3 $142 32. Bxf3 Nxf3+ 33. Rxf3 exf3 34. Qh8+ Kf7 35. Ne5+ dxe5 36. Rxd8 Rxh8 37. Rxh8 Ne8 38. Rh7+ Ke6) 32. Rxf1 {[%csl Gg6][%cal Rh6h8]} Ndf5 33. Qh8+ Kf7 {[#]} 34. Qh7 $1 Qg5 35. Bh3 (35. Nh4 $142 Kf6 36. Nxf5 Nxf5 37. Qd7) 35... Kf6 $2 (35... e3) 36. Bxf5 Nxf5 37. Nh4 Re5 38. Nxf5 Rxf5 {[%mdl 4096] Endgame KQR-KQR} 39. Qh8+ $2 (39. Rxf5+ $18 Qxf5 40. Qxf5+ Kxf5 41. Kf2) 39... Kf7 $11 {aiming for ...Qe3+.} 40. Qh7+ Ke6 $2 {[%mdl 8192]} (40... Kf6 $11 41. Rxf5+ Qxf5 42. Qxf5+ Kxf5) 41. Qxf5+ $18 {White is clearly winning.} Qxf5 42. Rxf5 Kxf5 {KP-KP} 43. Kf2 b5 44. Ke3 b4 45. h4 {[%cal Bh2h4,Bh4h5][%mdl 32]} a5 46. g4+ Ke5 47. h5 d5 48. cxd5 Kxd5 {Precision: White = 78%, Black = 43%.} 1-0

[Event "22nd Hogeschool Zeeland 2018"]
[Site "Vlissingen"]
[Date "2018.08.11"]
[Round "9"]
[White "Warmerdam, Max"]
[Black "Wagenvoorde, Guido"]
[Result "1-0"]
[WhiteElo "2421"]
[BlackElo "2035"]
[Annotator "TA"]
[PlyCount "59"]
[EventDate "2018.08.04"]
[EventType "swiss"]
[EventCountry "NED"]
[SourceTitle "playchess.com"]
[Source "ChessBase"]
[SourceQuality "1"]

{[%evp 23,59,49,51,42,43,49,40,36,72,72,66,73,77,81,80,70,122,123,129,119,111,69,291,296,306,289,277,239,233,231,537,551,596,625,658,631,29994,29995]} 1. d4 Nf6 2. c4 g6 3. g3 Bg7 4. Bg2 O-O 5. Nc3 d6 6. Nf3 a6 7. O-O Nc6 8. b3 Rb8 9. d5 Na5 {E63: King's Indian: Fianchetto: Panno Variation with 7...a6} 10. Bg5 c5 11. dxc6 Nxc6 12. Rc1 Bd7 {LiveBook: 3 Games} 13. Qd2 $146 ({Predecessor:} 13. e4 b5 14. cxb5 axb5 15. Qe2 h6 16. Bd2 b4 17. Nd5 {0-1 (59) Matlakov,M (2704)-Iljiushenok,I (2516) Sochi 2018}) 13... b5 14. cxb5 axb5 15. Rfd1 b4 {[#]} 16. Bxf6 $1 Bxf6 17. Nd5 Bg7 18. Rc4 Re8 19. Rdc1 Qa5 ({Black should play} 19... e6 $14) 20. Rxc6 $16 Bxc6 21. Rxc6 e6 22. Ng5 ({Much worse is} 22. Rxd6 $6 exd5 23. Ng5 d4 $11) 22... h6 $2 {[#]} (22... exd5 $14 23. Bxd5 Re7) 23. Nxf7 $1 $18 {[%mdl 512]} Kxf7 24. Rc7+ ({Not} 24. Rxd6 Rbd8 $16) 24... Kg8 25. Ne7+ {[%cal Bd5e7,Be7g6,Bg6f4,Bf4g6][%mdl 32]} Kh7 26. Qc2 Qg5 $2 {[#]} (26... Rxe7 27. Rxe7 Qe5) 27. Nxg6 $1 {[%mdl 512]} d5 (27... Qxg6 28. Be4) 28. Nf4+ Kh8 29. Bh3 Rf8 {...Rxf4 is the strong threat.} 30. Ng6+ {Precision: White = 87%, Black = 19%.} 1-0